00347nam a22001337a 4500008004100000020001800041082001900059100002200078245003200100250001300132260004200145300000900187650001700196211208b |||||||| |||| 00| 0 eng d a9789993326595 aN895.512/S432a aSama, Bal Krishna aAmarsingh( aitihasik natak) a12th ed. aLalitpur:bSajha Prakasan,c2064.B.S. b87p. aNepali drama